Handbook of mechanical engineering / (Record no. 3939)

MARC details
000 -LEADER
fixed length control field 00968nac a22002291u 4500
010 ## - LIBRARY OF CONGRESS CONTROL NUMBER
LC control number 94016420
020 ## - INTERNATIONAL STANDARD BOOK NUMBER
International Standard Book Number 3540198687 (Berlin : acid-free paper)
020 ## - INTERNATIONAL STANDARD BOOK NUMBER
International Standard Book Number 0387198687 (New York : acid-free paper)
082 00 - DEWEY DECIMAL CLASSIFICATION NUMBER
Classification number 621
Item number B4238
090 ## - LOCALLY ASSIGNED LC-TYPE CALL NUMBER (OCLC); LOCAL CALL NUMBER (OCLC)
-- 3939
-- 3939
100 ## - MAIN ENTRY--PERSONAL NAME
Personal name Dubbel, Heinrich,
245 10 - TITLE STATEMENT
Title Handbook of mechanical engineering /
Statement of responsibility, etc Dubbel ; edited by W. Beitz and K.-H. KuÌ(ttner ; English edition edited by B.J. Davies ; translation by M.J. Shields.
260 ## - PUBLICATION, DISTRIBUTION, ETC. (IMPRINT)
Place of publication, distribution, etc London ;
-- New York :
Name of publisher, distributor, etc Springer-Verlag,1994
Date of publication, distribution, etc 1994.
300 ## - PHYSICAL DESCRIPTION
Extent 1 v. (various pagings) :
Other physical details ill. ;
Dimensions 25 cm.
504 ## - BIBLIOGRAPHY, ETC. NOTE
Bibliography, etc Includes bibliographical references and index.
650 #0 - SUBJECT ADDED ENTRY--TOPICAL TERM
Topical term or geographic name as entry element Mechanical engineering
General subdivision Handbooks, manuals, etc.
700 1# - ADDED ENTRY--PERSONAL NAME
Personal name Beitz, Wolfgang.
700 1# - ADDED ENTRY--PERSONAL NAME
Personal name KuÌ(ttner, Karl-Heinz.
700 1# - ADDED ENTRY--PERSONAL NAME
Personal name Davies, B. J.
942 ## - ADDED ENTRY ELEMENTS (KOHA)
Item type Book - Borrowing
Call number prefix 621B4238
Holdings
Withdrawn status Item status Damaged status Not for loan Home library Current library Shelving location Date acquired Source of acquisition Total Checkouts Full call number Barcode Date last seen Koha item type
        Central Library Central Library First floor 07/08/2007 Purchase   621 DUB 000005037 15/07/2025 Book - Borrowing